| 000 | 00365nam a2200157Ia 4500 | ||
|---|---|---|---|
| 008 | 210210b1946 xxu||||| |||| 00| 0 eng d | ||
| 041 | _aeng | ||
| 082 | _a828/487 | ||
| 100 | _aPEARSON (Hesketh) | ||
| 245 | _aBernard Shaw | ||
| 260 |
_aLondon _bCollins Clear Type Press _c1946 |
||
| 650 | _aShaw | ||
| 650 | _aBernard | ||
| 690 | _aBiography | ||
| 906 | _a016331 | ||
| 999 |
_c135834 _d135834 |
||